<?xml version="1.0" encoding="UTF-8"?>
<record
    xmlns:xsi="http://www.w3.org/2001/XMLSchema-instance"
    xsi:schemaLocation="http://www.loc.gov/MARC21/slim http://www.loc.gov/standards/marcxml/schema/MARC21slim.xsd"
    xmlns="http://www.loc.gov/MARC21/slim">

  <leader>007050000a22002050004500</leader>
  <controlfield tag="003">LK-CoMWRAF</controlfield>
  <controlfield tag="005">20231230143427.0</controlfield>
  <controlfield tag="008">230817t2000       ||||| |||| 00| 0 eng d</controlfield>
  <datafield tag="020" ind1=" " ind2=" ">
    <subfield code="a">9559722700</subfield>
  </datafield>
  <datafield tag="040" ind1=" " ind2=" ">
    <subfield code="a">LK-CoMWRAF</subfield>
    <subfield code="d">LK-CoMWRAF</subfield>
    <subfield code="e">LK-CoMWRAF</subfield>
  </datafield>
  <datafield tag="041" ind1=" " ind2=" ">
    <subfield code="a">sin</subfield>
  </datafield>
  <datafield tag="082" ind1=" " ind2=" ">
    <subfield code="a">894.81</subfield>
    <subfield code="b">KAS</subfield>
  </datafield>
  <datafield tag="100" ind1=" " ind2=" ">
    <subfield code="a">&#xD9A;&#xDCF;&#xDC3;&#xDD2;&#xDB8;&#xDCA;, &#xDB1;&#xDD2;&#xDBD;&#xDCF;&#xDBB;&#xDCA; &#xD91;&#xDB1;&#xDCA;.</subfield>
  </datafield>
  <datafield tag="245" ind1=" " ind2=" ">
    <subfield code="a">&#xDAF;&#xDB8;&#xDD2;&#xDC5; &#xD9A;&#xDC0;&#xDD2;&#xDBA;&#xDDA; &#xDC1;&#xDCA;&#x200D;&#xDBB;&#xDD3; &#xDBD;&#xDCF;&#xD82;&#xD9A;&#xDD2;&#xD9A; &#xDC3;&#xDBD;&#xD9A;&#xDD4;&#xDAB; :</subfield>
    <subfield code="b">&#xDA2;&#xDD9;&#xDBA;&#xDB4;&#xDCF;&#xDBD;&#xDB1;&#xDCA;</subfield>
  </datafield>
  <datafield tag="246" ind1=" " ind2=" ">
    <subfield code="a">Damila kawiyee sri laankika salakuna : Jeyapaalan</subfield>
  </datafield>
  <datafield tag="260" ind1=" " ind2=" ">
    <subfield code="a">&#xD9A;&#xDDC;&#xDC5;&#xDB9; :</subfield>
    <subfield code="b">&#xDB1;&#xDD2;&#xDBD;&#xDCF;&#xDBB;&#xDCA; &#xD91;&#xDB1;&#xDCA;. &#xD9A;&#xDCF;&#xDC3;&#xDD2;&#xDB8;&#xDCA;,</subfield>
    <subfield code="c">2000</subfield>
  </datafield>
  <datafield tag="300" ind1=" " ind2=" ">
    <subfield code="a">132p</subfield>
  </datafield>
  <datafield tag="650" ind1=" " ind2=" ">
    <subfield code="a">&#xDAF;&#xDD9;&#xDB8;&#xDC5; &#xD9A;&#xDC0;&#xDD2;</subfield>
  </datafield>
  <datafield tag="942" ind1=" " ind2=" ">
    <subfield code="c">BK</subfield>
  </datafield>
  <datafield tag="952" ind1=" " ind2=" ">
    <subfield code="0">0</subfield>
    <subfield code="1">0</subfield>
    <subfield code="4">0</subfield>
    <subfield code="7">0</subfield>
    <subfield code="a">MAIN</subfield>
    <subfield code="b">MAIN</subfield>
    <subfield code="d">2023-08-17</subfield>
    <subfield code="l">0</subfield>
    <subfield code="o">894.81 KAS</subfield>
    <subfield code="p">RAF984</subfield>
    <subfield code="r">2023-08-17</subfield>
    <subfield code="w">2023-08-17</subfield>
    <subfield code="y">BK</subfield>
  </datafield>
  <datafield tag="999" ind1=" " ind2=" ">
    <subfield code="c">211</subfield>
    <subfield code="d">211</subfield>
  </datafield>
</record>
